Ces gares en France qui ne portent pas le nom de leur commune #4 - Statistiques

Statistiques générales
  • Ce quiz a été pris 10 fois
  • Le résultat moyen est 6 sur 21
Statistiques - réponses
Gare Commune Département % Correct
Porchefontaine Versailles 78
88%
La Pomme Marseille 13
63%
Montreuil Versailles 78
63%
Vauboyen Bièvres 91
50%
Bécon-les-Bruyères Courbevoie 92
50%
Arenc Euroméditérranée Marseille 13
50%
Saint-Joseph le Castellas Marseille 13
38%
Épluches Saint-Ouen l'Aumône 95
38%
Le Dramont Saint-Raphaël 83
38%
Champagne-Ardenne TGV Bezannes 51
25%
Le Bosquet Cannes 06
25%
Bouray Lardy 91
25%
Carnolès Roquebrune-Cap-Martin 06
25%
Marienthal Haguenau 67
13%
Pont de l'Arche Alizay 27
0%
Épanvilliers Blanzay 86
0%
TGV Haute Picardie Estrées-Deniécourt 80
0%
Niolon Le Rove 13
0%
Besançon Franche Comté TGV Les Auxons 25
0%
Lancerf Plourivo 22
0%
Château-Gaillard Santilly 28
0%
Aucun quiz correspondant
Distribution des résultats
% des personnes avec chaque résultat
Percentile par nombre de réponses
Votre historique - résultats
Vous n’avez pas pris ce quiz